Manual of Oral Histology & Oral Pathology (Record no. 22709)

MARC details
000 -LEADER
fixed length control field 00473nam a22001697a 4500
003 - CONTROL NUMBER IDENTIFIER
control field SGT
020 ## - INTERNATIONAL STANDARD BOOK NUMBER
International Standard Book Number 9789354660603
082 ## - DEWEY DECIMAL CLASSIFICATION NUMBER
Classification number 616.0707
Item number M21J
100 ## - MAIN ENTRY--PERSONAL NAME
Personal name Jose, Maji
245 ## - TITLE STATEMENT
Title Manual of Oral Histology & Oral Pathology
Remainder of title Colour Atlas and Text
250 ## - EDITION STATEMENT
Edition statement 3rd
260 ## - PUBLICATION, DISTRIBUTION, ETC. (IMPRINT)
Place of publication, distribution, etc New Delhi, India
Name of publisher, distributor, etc CBS Publishers & Distributors
Year of Publication 2021
300 ## - PAGE DESCRIPTION
No. of Pages 196
650 ## - SUBJECT ADDED ENTRY--TOPICAL TERM
Topical term or geographic name as entry element Oral Histology; Oral Pathology
653 ## - KEYWORDS--INDEX TERM
Keyword term Oral Histology; Oral Pathology
942 ## - ADDED ENTRY ELEMENTS (KOHA)
Source of classification or shelving scheme Dewey Decimal Classification
Koha item type Books
942 ## - ADDED ENTRY ELEMENTS (KOHA)
-- 522
Holdings
Withdrawn status Lost status Source of classification or shelving scheme Damaged status Not for loan Home library Current library Date acquired Vendor Name Cost, normal purchase price SGTU Bill Number Total Checkouts Full call number Accession No. (Barcode) Checked out Date last seen Date last borrowed Bill Date Koha item type Total Renewals
    Dewey Decimal Classification     SGT Dental Library SGT Dental Library 11/05/2022 Ahuja Book Co. Pvt. Ltd. 625.00 SGTU 14353 70 616.0707 M21J FD8629 09/06/2026 26/05/2026 26/05/2026 16/04/2022 Books  
    Dewey Decimal Classification     SGT Dental Library SGT Dental Library 11/05/2022 Ahuja Book Co. Pvt. Ltd. 625.00 SGTU 14353 69 616.0707 M21J FD8630 09/06/2026 26/05/2026 26/05/2026 16/04/2022 Books  
    Dewey Decimal Classification     SGT Dental Library SGT Dental Library 11/05/2022 Ahuja Book Co. Pvt. Ltd. 625.00 SGTU 14353 72 616.0707 M21J FD8631 16/06/2026 02/06/2026 02/06/2026 16/04/2022 Books  
    Dewey Decimal Classification     SGT Dental Library SGT Dental Library 11/05/2022 Ahuja Book Co. Pvt. Ltd. 625.00 SGTU 14353 69 616.0707 M21J FD8632   30/05/2026 12/05/2026 16/04/2022 Books  
    Dewey Decimal Classification     SGT Dental Library SGT Dental Library 11/05/2022 Ahuja Book Co. Pvt. Ltd. 625.00 SGTU 14353 65 616.0707 M21J FD8633 10/04/2026 27/03/2026 27/03/2026 16/04/2022 Books  
    Dewey Decimal Classification     SGT Dental Library SGT Dental Library 11/05/2022 Ahuja Book Co. Pvt. Ltd. 625.00 SGTU 14353 75 616.0707 M21J FD8634 16/06/2026 02/06/2026 02/06/2026 16/04/2022 Books 2
    Dewey Decimal Classification     SGT Dental Library SGT Dental Library 11/05/2022 Ahuja Book Co. Pvt. Ltd. 625.00 SGTU 14353 84 616.0707 M21J FD8635 19/06/2026 05/06/2026 05/06/2026 16/04/2022 Books 2
    Dewey Decimal Classification     SGT Dental Library SGT Dental Library 11/05/2022 Ahuja Book Co. Pvt. Ltd. 625.00 SGTU 14353 104 616.0707 M21J FD8636   02/06/2026 21/05/2026 16/04/2022 Books  
    Dewey Decimal Classification     SGT Dental Library SGT Dental Library 11/05/2022 Ahuja Book Co. Pvt. Ltd. 625.00 SGTU 14353 78 616.0707 M21J FD8637 18/06/2026 04/06/2026 04/06/2026 16/04/2022 Books 1
    Dewey Decimal Classification     SGT Dental Library SGT Dental Library 11/05/2022 Ahuja Book Co. Pvt. Ltd. 625.00 SGTU 14353 71 616.0707 M21J FD8638   20/05/2026 20/05/2026 16/04/2022 Books